[Event "Tournament: BCF ch. qualifier"]
[Site "?"]
[Date "1975.04.19"]
[Round "?"]
[White "Stebbings, A."]
[Black "Habershon, P."]
[Result "1-0"]
[WhiteElo "2136"]
[BlackElo "2128"]
[PlyCount "139"]
[EventDate "1975.??.??"]

1. e4 Nf6 2. e5 Nd5 3. d4 d6 4. Nf3 g6 5. Bc4 Nb6 6. Bb3 Bg7 7. Ng5 d5 8. f4
Nc6 9. c3 f6 10. Nf3 Bg4 11. Nbd2 Qd7 12. h3 Bxf3 13. Nxf3 O-O-O 14. Qe2 h6 15.
Bc2 g5 16. e6 Qd6 17. Rf1 Rdg8 18. f5 h5 19. Ng1 Bh6 20. g4 hxg4 21. hxg4 Qg3+
22. Kd1 Bf8 23. Qf3 Qxf3+ 24. Rxf3 Rh1 25. Rg3 Rgh8 26. b3 Kb8 27. Bd2 Nc8 28.
Bd3 Nd6 29. Kc2 b5 30. Re1 b4 31. Re2 Kb7 32. Be3 bxc3 33. Kxc3 a6 34. Rgg2 Kb6
35. a4 a5 36. Bb1 Bg7 37. Bc1 Nd8 38. Ba3 N8b7 39. Bd3 Rc8 40. b4 axb4+ 41.
Bxb4 c5 42. a5+ Ka7 43. dxc5 Nxc5 44. Kd4 Nxd3 45. Kxd3 Ne4 46. Bxe7 Rc1 47.
Bd8 Bf8 48. Bb6+ Ka6 49. Rc2 Rd1+ 50. Ke2 Rb1 51. Nf3 Bb4 52. Rg1 Rbxg1 53.
Nxg1 Bxa5 54. Bxa5 Kxa5 55. Nf3 Kb6 56. Rc8 Rh7 57. Nd4 Rc7 58. Rf8 Kc5 59. Rf7
Rc8 60. Ke3 Ra8 61. Rc7+ Kd6 62. Rd7+ Kc5 63. Rc7+ Kd6 64. Rc6+ Ke7 65. Nb5 Rb8
66. Nc7 Rd8 67. Kd4 Nf2 68. Nxd5+ Ke8 69. e7 Rd7 70. Rc8+ 1-0

[Event "Essex league"]
[Site "?"]
[Date "1975.05.02"]
[Round "?"]
[White "Stebbings, A."]
[Black "Wills, M."]
[Result "1-0"]
[WhiteElo "2224"]
[BlackElo "2152"]
[PlyCount "97"]
[EventDate "1975.??.??"]

1. e4 Nf6 2. e5 Nd5 3. d4 d6 4. Nf3 g6 5. Bc4 Nb6 6. Bb3 Bg7 7. Ng5 d5 8. f4 f6
9. Nf3 O-O 10. O-O Nc6 11. c3 fxe5 12. fxe5 Bf5 13. Nbd2 Na5 14. Bc2 Bxc2 15.
Qxc2 Qd7 16. Rf2 Nc6 17. Nf1 Nd8 18. b3 Ne6 19. Be3 c6 20. Rd1 Rac8 21. c4 Na8
22. c5 Nac7 23. Qd2 Rf7 24. Ng3 b6 25. b4 bxc5 26. bxc5 Rb8 27. Rff1 Rff8 28.
Rb1 a6 29. Ne2 Nb5 30. Rb3 Qc7 31. Kh1 Rb7 32. a4 Na7 33. Rfb1 Rfb8 34. Qc3 Nc8
35. Nc1 Nd8 36. Rxb7 Rxb7 37. Rxb7 Qxb7 38. Qb3 Qa7 39. Qb4 a5 40. Qc3 Qa6 41.
Kg1 h6 42. Bd2 Nb7 43. Qc2 g5 44. Qg6 Na7 45. h4 Qc4 46. hxg5 h5 47. Qe8+ Bf8
48. g6 Nxc5 49. Qf7+ 1-0

[Event "Team match"]
[Site "Hastings"]
[Date "1975.05.18"]
[Round "?"]
[White "Stebbings, A."]
[Black "Winser, W."]
[Result "1/2-1/2"]
[WhiteElo "2224"]
[BlackElo "2144"]
[PlyCount "42"]
[EventDate "1975.??.??"]

1. d4 d5 2. c4 dxc4 3. Nf3 Nf6 4. e3 e6 5. Bxc4 c5 6. O-O a6 7. a4 Nc6 8. Qe2
Qc7 9. Nc3 Be7 10. Rd1 O-O 11. dxc5 Bxc5 12. h3 e5 13. e4 Nd4 14. Nxd4 exd4 15.
Nd5 Nxd5 16. Bxd5 Be6 17. Bxe6 fxe6 18. Qd3 e5 19. Bd2 Qf7 20. Rf1 Bd6 21. Rac1
Rac8 1/2-1/2

[Event "Tournament: Ilford Open"]
[Site "?"]
[Date "1975.05.23"]
[Round "?"]
[White "Martin, A."]
[Black "Stebbings, A."]
[Result "1/2-1/2"]
[WhiteElo "2008"]
[BlackElo "2224"]
[PlyCount "53"]
[EventDate "1975.??.??"]

1. Nf3 d5 2. g3 c6 3. b3 Bg4 4. Bg2 Nd7 5. Bb2 e6 6. O-O Ngf6 7. c4 Bd6 8. d4
Qb8 9. Nc3 b5 10. cxb5 cxb5 11. Rc1 O-O 12. Ne1 Rc8 13. Nd3 b4 14. Na4 Qb5 15.
f3 Bf5 16. Ne5 Rxc1 17. Qxc1 Nb6 18. e4 dxe4 19. fxe4 Bxe4 20. Bxe4 Nxe4 21.
Nxf7 Bxg3 22. Qe3 Bf2+ 23. Rxf2 Nxf2 24. Nh6+ Kh8 25. Nf7+ Kg8 26. Nh6+ Kh8 27.
Nf7+ 1/2-1/2

[Event "Tournament: Ilford Open"]
[Site "?"]
[Date "1975.05.24"]
[Round "?"]
[White "Stebbings, A."]
[Black "Ryder, I."]
[Result "0-1"]
[WhiteElo "2224"]
[BlackElo "1944"]
[PlyCount "74"]
[EventDate "1975.??.??"]

1. d4 d5 2. c4 e6 3. Nc3 Nf6 4. cxd5 exd5 5. Bg5 Be7 6. e3 Nbd7 7. Bd3 c6 8.
Qc2 h6 9. Bh4 Nh5 10. Bxe7 Qxe7 11. O-O-O Nb6 12. h3 Be6 13. Nge2 O-O-O 14. g4
Nf6 15. Kb1 Kb8 16. Ng3 g6 17. f3 Rhe8 18. Rhe1 Qc7 19. Qf2 Re7 20. Bf1 Ne8 21.
Bg2 Nd6 22. e4 Ndc4 23. e5 Nd7 24. f4 f6 25. f5 gxf5 26. gxf5 Bg8 27. e6 Ndb6
28. Nh5 Rf8 29. Bf1 Nd6 30. Bd3 Bh7 31. Qf4 Nxf5 32. Qxc7+ Kxc7 33. Rf1 Ne3 34.
Bxh7 Nxd1 35. Nxd1 Rxh7 36. Nxf6 Kd8 37. Ne3 Re7 0-1

[Event "Tournament: Ilford Open"]
[Site "?"]
[Date "1975.05.24"]
[Round "?"]
[White "Clarke, J."]
[Black "Stebbings, A."]
[Result "0-1"]
[WhiteElo "1816"]
[BlackElo "2224"]
[PlyCount "38"]
[EventDate "1975.??.??"]

1. e4 c5 2. d4 cxd4 3. c3 dxc3 4. Nxc3 Nc6 5. Nf3 d6 6. Bc4 e6 7. O-O Nge7 8.
Bg5 a6 9. Qe2 h6 10. Be3 Ng6 11. Rfd1 b5 12. Bb3 Be7 13. Rac1 Bd7 14. Nd2 O-O
15. f4 Qb8 16. a3 Qb7 17. f5 exf5 18. Qh5 f4 19. Qxg6 Ne5 0-1

[Event "Tournament: Ilford Open"]
[Site "?"]
[Date "1975.05.25"]
[Round "?"]
[White "Stebbings, A."]
[Black "Szaszvari, G."]
[Result "1-0"]
[WhiteElo "2224"]
[BlackElo "1976"]
[PlyCount "47"]
[EventDate "1975.??.??"]

1. e4 c5 2. Nf3 d6 3. d4 cxd4 4. Nxd4 Nf6 5. Nc3 a6 6. Be3 b5 7. Nd5 Bd7 8.
Nxf6+ gxf6 9. Qh5 Nc6 10. O-O-O Qc7 11. Kb1 Nxd4 12. Bxd4 e5 13. Be3 Be6 14. b3
Be7 15. f4 Rc8 16. Bd3 O-O 17. f5 Bc4 18. Qe2 Kh8 19. Bxc4 bxc4 20. Rhf1 Rg8
21. Bc1 a5 22. Rf3 a4 23. Rh3 axb3 24. Rxh7+ 1-0

[Event "Tournament: Ilford Open"]
[Site "?"]
[Date "1975.05.25"]
[Round "?"]
[White "Hannan, J."]
[Black "Stebbings, A."]
[Result "1-0"]
[WhiteElo "1848"]
[BlackElo "2224"]
[PlyCount "89"]
[EventDate "1975.??.??"]

1. e4 c5 2. f4 Nf6 3. Nc3 d5 4. e5 Nfd7 5. Nf3 e6 6. d4 Nc6 7. Be3 f5 8. Ng5
Ndb8 9. Na4 Qa5+ 10. c3 cxd4 11. Bxd4 Nxd4 12. b4 Bxb4 13. Qxd4 Nc6 14. cxb4
Qxa4 15. Qd2 h6 16. Nf3 Qxb4 17. Rc1 Qxd2+ 18. Kxd2 Bd7 19. a3 Ke7 20. Bd3 Rac8
21. Rhg1 g6 22. g4 Kf7 23. Rb1 Na5 24. Nd4 Rc7 25. gxf5 gxf5 26. Be2 Nc4+ 27.
Kd3 Rh7 28. Bh5+ Ke7 29. Rg8 Rc8 30. Rg6 b6 31. Rbg1 Nxa3 32. Rg8 Rxg8 33. Rxg8
Nb5 34. Bg6 Nxd4 35. Kxd4 Rf7 36. Bxf7 Kxf7 37. Rh8 Kg6 38. Rd8 Bb5 39. Ra8 a5
40. Rb8 Kf7 41. Rxb6 Bd7 42. Rb7 Ke8 43. Kc5 Ke7 44. Ra7 a4 45. h3 1-0

[Event "Tournament: Ilford Open"]
[Site "?"]
[Date "1975.05.26"]
[Round "?"]
[White "Stebbings, A."]
[Black "Murrell, J."]
[Result "1/2-1/2"]
[WhiteElo "2224"]
[BlackElo "1976"]
[PlyCount "42"]
[EventDate "1975.??.??"]

1. e4 c5 2. Nf3 Nc6 3. d4 cxd4 4. Nxd4 Nf6 5. Nc3 e6 6. Ndb5 Bb4 7. a3 Bxc3+ 8.
Nxc3 d5 9. exd5 exd5 10. Bg5 d4 11. Qe2+ Be6 12. O-O-O Qa5 13. Bxf6 gxf6 14.
Ne4 O-O-O 15. Qb5 Qc7 16. Kb1 a6 17. Qd3 Qe5 18. f3 Ne7 19. g3 Nf5 20. Be2 Ne3
21. Rc1 Kb8 1/2-1/2

[Event "County match"]
[Site "?"]
[Date "1975.09.27"]
[Round "?"]
[White "Stebbings, A."]
[Black "Simpole, J."]
[Result "1-0"]
[WhiteElo "2224"]
[BlackElo "2192"]
[PlyCount "51"]
[EventDate "1975.??.??"]

1. d4 Nf6 2. c4 g6 3. Nc3 d5 4. Nf3 Bg7 5. Bf4 c6 6. e3 O-O 7. Rc1 Bg4 8. h3
Bxf3 9. Qxf3 Qa5 10. Bd3 e6 11. O-O dxc4 12. Bxc4 Nd5 13. Bd6 Rd8 14. Bg3 Nxc3
15. bxc3 Nd7 16. Bh4 Rf8 17. Bb3 Qa3 18. c4 Nb6 19. c5 Nd5 20. e4 Nc7 21. d5
Bb2 22. Rc2 cxd5 23. exd5 Nxd5 24. Rb1 Qb4 25. Bxd5 exd5 26. Bf6 1-0

[Event "Tournament: Chelmsford Open"]
[Site "?"]
[Date "1975.10.03"]
[Round "?"]
[White "Stebbings, A."]
[Black "Franklin, W."]
[Result "1-0"]
[WhiteElo "2224"]
[BlackElo "1784"]
[PlyCount "49"]
[EventDate "1975.??.??"]

1. e4 d5 2. exd5 Nf6 3. c4 c6 4. Nc3 cxd5 5. d4 Nc6 6. Nf3 Bg4 7. cxd5 Nxd5 8.
Qb3 Bxf3 9. gxf3 e6 10. Qxb7 Nde7 11. Bb5 Rc8 12. Be3 Rc7 13. Qa6 Qa8 14. Rc1
g6 15. d5 exd5 16. Nxd5 Nxd5 17. Bxc6+ Rxc6 18. Qxc6+ Qxc6 19. Rxc6 Bb4+ 20.
Ke2 O-O 21. a3 Be7 22. Bxa7 Re8 23. Kd1 Rd8 24. Kc2 Bg5 25. Rd1 1-0

[Event "Tournament: Chelmsford Open"]
[Site "?"]
[Date "1975.10.04"]
[Round "?"]
[White "Bancroft, P."]
[Black "Stebbings, A."]
[Result "0-1"]
[WhiteElo "1936"]
[BlackElo "2224"]
[PlyCount "82"]
[EventDate "1975.??.??"]

1. e4 c5 2. Nf3 e6 3. d4 cxd4 4. Nxd4 Nc6 5. Nc3 a6 6. Be2 Qc7 7. O-O Nf6 8.
Be3 Bb4 9. f3 O-O 10. a4 Rd8 11. Qc1 d5 12. Nxc6 bxc6 13. Bg5 Be7 14. Kh1 Rb8
15. e5 Ne8 16. Bxe7 Qxe7 17. a5 Qb4 18. Ra2 Nc7 19. Bd3 Bd7 20. Qg5 h6 21. Qh5
Be8 22. Qh3 Qf4 23. Qg3 Qxg3 24. hxg3 c5 25. Re1 f5 26. Kg1 c4 27. Bf1 Rb4 28.
Nd1 d4 29. c3 dxc3 30. bxc3 Rb1 31. Be2 Nb5 32. Kf2 Rc1 33. Ne3 Rxe1 34. Kxe1
Nxc3 35. Rc2 Nxe2 36. Kxe2 Bb5 37. Rc3 Rd3 38. Rxd3 cxd3+ 39. Kd2 Kf7 40. Nd1
Ke7 41. Nb2 Kd7 0-1

[Event "Tournament: Chelmsford Open"]
[Site "?"]
[Date "1975.10.04"]
[Round "?"]
[White "Stebbings, A."]
[Black "Hodgson, JM."]
[Result "1-0"]
[WhiteElo "2224"]
[BlackElo "2008"]
[PlyCount "47"]
[EventDate "1975.??.??"]

1. e4 c5 2. Nf3 d6 3. d4 cxd4 4. Nxd4 Nf6 5. Nc3 g6 6. Be3 Bg7 7. Be2 Nc6 8.
Nb3 O-O 9. f4 Be6 10. g4 Na5 11. g5 Nd7 12. Bd4 Rc8 13. Bxg7 Kxg7 14. Qd2 Nc4
15. Bxc4 Bxc4 16. O-O-O Bxb3 17. cxb3 Qa5 18. Kb1 Qb4 19. h4 a5 20. h5 Nc5 21.
hxg6 hxg6 22. Rh7+ Kg8 23. Qh2 f5 24. Qh6 1-0

[Event "Tournament: Chelmsford Open"]
[Site "?"]
[Date "1975.10.04"]
[Round "?"]
[White "Rumens, D."]
[Black "Stebbings, A."]
[Result "0-1"]
[WhiteElo "2376"]
[BlackElo "2224"]
[PlyCount "100"]
[EventDate "1975.??.??"]

1. e4 c5 2. Nc3 Nc6 3. f4 e6 4. Nf3 a6 5. Qe2 d6 6. d3 Nge7 7. g3 g6 8. h4 Bg7
9. h5 Nd4 10. Nxd4 cxd4 11. Nd1 Nc6 12. Bd2 Bd7 13. a4 Qb6 14. a5 Qc5 15. c3
dxc3 16. bxc3 Nxa5 17. Rb1 b5 18. d4 Qc7 19. Ne3 Rc8 20. Qf3 Bc6 21. g4 f5 22.
d5 exd5 23. exd5 Bd7 24. Qe2 Kf7 25. gxf5 gxf5 26. h6 Bxc3 27. Qh5+ Ke7 28.
Qg5+ Kf7 29. Kd1 Rhg8 30. Qh5+ Kf6 31. Rc1 b4 32. Bxa6 Ra8 33. Bb5 Nb3 34. Bxd7
Qxd7 35. Rxc3 Nxd2 36. Rc6 Ne4 37. Qh4+ Kf7 38. Qh5+ Rg6 39. Kc2 Ng3 40. Qh3
Nxh1 41. Qxh1 Qa7 42. Qh3 Qa2+ 43. Kd3 Ra3+ 44. Kd4 Qd2+ 45. Kc4 Rc3+ 46. Kb5
Qd3+ 47. Ka5 Ra3+ 48. Kb6 Qxe3+ 49. Qxe3 Rxe3 50. Rc7+ Re7 0-1

[Event "Tournament: Chelmsford Open"]
[Site "?"]
[Date "1975.10.05"]
[Round "?"]
[White "Stebbings, A."]
[Black "Martin, A."]
[Result "1-0"]
[WhiteElo "2224"]
[BlackElo "2008"]
[PlyCount "71"]
[EventDate "1975.??.??"]

1. e4 e6 2. Nc3 d5 3. d4 Bb4 4. e5 c5 5. Qg4 Ne7 6. a3 Bxc3+ 7. bxc3 Qc7 8.
Qxg7 Rg8 9. Qxh7 cxd4 10. Ne2 Nbc6 11. f4 Bd7 12. Qd3 dxc3 13. Rb1 a6 14. Nxc3
Nf5 15. g4 Rxg4 16. Bh3 Nxe5 17. fxe5 Qxe5+ 18. Ne2 Rd4 19. Qf3 Re4 20. Bxf5
exf5 21. Bf4 Qe6 22. Kf2 Rc8 23. c3 d4 24. Rhe1 dxc3 25. Ng3 c2 26. Rbc1 Bc6
27. Nxe4 Bxe4 28. Qe3 Qf6 29. Qd3 Rc3 30. Rxe4+ fxe4 31. Qxe4+ Kd8 32. Qe5 Qh4+
33. Bg3 Qh6 34. Qd4+ Ke8 35. Re1+ Kf8 36. Bd6+ 1-0

[Event "Tournament: Chelmsford Open"]
[Site "?"]
[Date "1975.10.05"]
[Round "?"]
[White "Nicholson, J."]
[Black "Stebbings, A."]
[Result "1/2-1/2"]
[WhiteElo "2224"]
[BlackElo "2224"]
[PlyCount "32"]
[EventDate "1975.??.??"]

1. e4 c5 2. Nf3 e6 3. d4 cxd4 4. Nxd4 Nc6 5. Nc3 a6 6. Be3 Qc7 7. Bd3 Nf6 8.
Nb3 b5 9. f4 d6 10. Qf3 Be7 11. O-O Bb7 12. a4 b4 13. Nb1 Na5 14. Nxa5 Qxa5 15.
Nd2 Rb8 16. Qh3 Nd7 1/2-1/2

[Event "County match"]
[Site "?"]
[Date "1975.10.11"]
[Round "?"]
[White "Stebbings, A."]
[Black "Cooper, A."]
[Result "1/2-1/2"]
[WhiteElo "2224"]
[BlackElo "2152"]
[PlyCount "80"]
[EventDate "1975.??.??"]

1. d4 d5 2. c4 c6 3. Nc3 Nf6 4. Nf3 g6 5. cxd5 cxd5 6. Qb3 Nc6 7. Bg5 Bg7 8.
Bxf6 Bxf6 9. Qxd5 Qb6 10. O-O-O Be6 11. Qb5 Bxa2 12. Qxb6 axb6 13. Nxa2 Rxa2
14. Kb1 Ra5 15. e3 O-O 16. Bc4 Nb4 17. Ne1 Rfa8 18. Nc2 Nxc2 19. Kxc2 Rc8 20.
Kb3 e6 21. Be2 Bh4 22. g3 Be7 23. Rc1 Rc6 24. f4 Kg7 25. Bf3 Rb5+ 26. Ka2 Ra5+
27. Kb1 Rxc1+ 28. Rxc1 Bb4 29. Rc2 Ra7 30. Rc7 Bd2 31. e4 Be3 32. d5 exd5 33.
exd5 Bc5 34. h3 h5 35. f5 Bd6 36. Rd7 Bxg3 37. fxg6 Kxg6 38. d6 Ra4 39. Rxb7
Bxd6 40. Rxb6 Rd4 1/2-1/2

[Event "London league"]
[Site "?"]
[Date "1975.10.24"]
[Round "?"]
[White "Povah, N."]
[Black "Stebbings, A."]
[Result "1-0"]
[WhiteElo "2304"]
[BlackElo "2224"]
[PlyCount "55"]
[EventDate "1975.??.??"]

1. e4 c5 2. Nf3 e6 3. d4 cxd4 4. Nxd4 Nc6 5. Nc3 a6 6. Be3 Qc7 7. Nb3 Nf6 8. f4
d6 9. Bd3 b5 10. Qf3 Be7 11. O-O Bb7 12. Rae1 Nb4 13. Nd4 O-O 14. Qh3 Nd7 15.
Rf3 Rfe8 16. Rg3 Bf8 17. f5 e5 18. Nf3 d5 19. exd5 Nxd5 20. Nxd5 Bxd5 21. Ng5
Nf6 22. Qh4 Be7 23. Qh6 e4 24. Qxg7+ Kxg7 25. Ne6+ Kh8 26. Nxc7 exd3 27. Nxe8
Nxe8 28. Bd4+ 1-0

[Event "London league"]
[Site "?"]
[Date "1975.10.30"]
[Round "?"]
[White "Fuller, M."]
[Black "Stebbings, A."]
[Result "1-0"]
[WhiteElo "2328"]
[BlackElo "2224"]
[PlyCount "65"]
[EventDate "1975.??.??"]

1. Nf3 d5 2. b3 Bg4 3. Ne5 Bh5 4. Bb2 f6 5. g4 Bg6 6. Nxg6 hxg6 7. Bg2 c6 8. c4
e6 9. Qc2 Kf7 10. Nc3 Bd6 11. cxd5 exd5 12. Nxd5 cxd5 13. Bxd5+ Kf8 14. Bxb7
Nd7 15. Bxa8 Qxa8 16. O-O-O Ne7 17. h4 Qg2 18. Qd3 Qc6+ 19. Kb1 Ne5 20. Bxe5
Bxe5 21. Rc1 Qa8 22. Qc4 g5 23. h5 g6 24. hxg6 Nxg6 25. Rxh8+ Nxh8 26. Qc8+
Qxc8 27. Rxc8+ Kg7 28. e3 Bd6 29. Ra8 Bc5 30. d4 Bb6 31. b4 Nf7 32. a4 a5 33.
bxa5 1-0

[Event "Essex league"]
[Site "?"]
[Date "1975.10.31"]
[Round "?"]
[White "Stebbings, A."]
[Black "Fleury, M."]
[Result "1-0"]
[WhiteElo "2224"]
[BlackElo "2080"]
[PlyCount "72"]
[EventDate "1975.??.??"]

1. e4 c5 2. Nf3 Nc6 3. d4 cxd4 4. Nxd4 Nf6 5. Nc3 d6 6. Be3 Ng4 7. Bb5 Nxe3 8.
fxe3 Bd7 9. O-O Ne5 10. Nf3 Bxb5 11. Nxb5 Qd7 12. Nxe5 dxe5 13. Qxd7+ Kxd7 14.
Rxf7 g6 15. Rd1+ Kc6 16. Rd5 a6 17. Nc3 Bh6 18. Nd1 Bg5 19. Rf2 Rad8 20. Rfd2
e6 21. Rxd8 Bxd8 22. Kf2 Ba5 23. Rd3 b5 24. Ke2 Bb4 25. Nf2 h5 26. Rd1 Bd6 27.
Nh3 Be7 28. Rf1 Rf8 29. Rxf8 Bxf8 30. Ng5 Kd7 31. Kd3 Bh6 32. Nf3 Bg7 33. h3
Bf6 34. g4 hxg4 35. hxg4 Kd6 36. Kc3 Bd8 1-0

[Event "County match"]
[Site "?"]
[Date "1975.11.01"]
[Round "?"]
[White "Trangmar, A."]
[Black "Stebbings, A."]
[Result "1/2-1/2"]
[WhiteElo "2248"]
[BlackElo "2224"]
[PlyCount "40"]
[EventDate "1975.??.??"]

1. d4 Nf6 2. c4 g6 3. Nc3 d5 4. Nf3 Bg7 5. Bf4 O-O 6. Rc1 dxc4 7. e3 Be6 8. Ng5
Bd5 9. e4 h6 10. exd5 hxg5 11. Bxg5 Nxd5 12. Bxc4 Nb6 13. Bb3 Nc6 14. Ne2 Na5
15. Bc2 Qd5 16. h4 Qxg2 17. Rg1 Qf3 18. Rg3 Qh1+ 19. Rg1 Qf3 20. Rg3 Qh1+
1/2-1/2

[Event "Essex league"]
[Site "?"]
[Date "1975.11.17"]
[Round "?"]
[White "Stebbings, A."]
[Black "Marshall, A."]
[Result "1-0"]
[WhiteElo "2224"]
[BlackElo "2152"]
[PlyCount "64"]
[EventDate "1975.??.??"]

1. e4 d5 2. exd5 Nf6 3. c4 c6 4. d4 cxd5 5. Nc3 Nc6 6. Nf3 Bg4 7. cxd5 Nxd5 8.
Qb3 Bxf3 9. gxf3 Nb6 10. d5 Nd4 11. Qd1 e5 12. dxe6 fxe6 13. Be3 Nc6 14. Qb3
Qf6 15. O-O-O Be7 16. Bh3 Kf7 17. Rhg1 Rhe8 18. Bxe6+ Kf8 19. Bg4 Qf7 20. Be6
Qf6 21. Bg4 Qf7 22. Qb5 Rad8 23. Kb1 Bf6 24. Ne4 Be7 25. Bh5 g6 26. Bh6+ Kg8
27. Bg4 Rxd1+ 28. Rxd1 Nc4 29. h4 N6e5 30. Qxb7 Nxg4 31. fxg4 Ne5 32. Bg5 Kg7
1-0

[Event "Essex league"]
[Site "?"]
[Date "1975.11.24"]
[Round "?"]
[White "Stebbings, A."]
[Black "Bond, P."]
[Result "1-0"]
[WhiteElo "2224"]
[BlackElo "1984"]
[PlyCount "63"]
[EventDate "1975.??.??"]

1. d4 Nf6 2. c4 e6 3. Nc3 c5 4. d5 exd5 5. cxd5 d6 6. Nf3 g6 7. Nd2 Bg7 8. Nc4
O-O 9. Bf4 Ne8 10. Qd2 b6 11. e3 Ba6 12. a4 Qe7 13. Be2 Bxc4 14. Bxc4 a6 15.
O-O Nd7 16. Rab1 Nc7 17. b4 Ne5 18. Be2 c4 19. b5 axb5 20. axb5 Ra3 21. Rfc1
Rfa8 22. Bg3 h5 23. h3 h4 24. Bh2 g5 25. Kf1 f5 26. Nd1 Nd3 27. Rxc4 Ne5 28.
Rc2 Ne8 29. Rbc1 Qf6 30. Rc8 Kh7 31. Bh5 Rd3 32. Qc2 1-0

[Event "London league"]
[Site "?"]
[Date "1975.12.10"]
[Round "?"]
[White "Stebbings, A."]
[Black "Blackstock, L."]
[Result "1-0"]
[WhiteElo "2224"]
[BlackElo "2240"]
[PlyCount "57"]
[EventDate "1975.??.??"]

1. e4 c5 2. Ne2 e6 3. Nbc3 d6 4. d4 cxd4 5. Nxd4 Nf6 6. Be3 Be7 7. f4 a6 8. Qf3
Qc7 9. Bd3 Nbd7 10. O-O Rb8 11. Bf2 b5 12. a3 Bb7 13. Rae1 h5 14. h3 h4 15. Qe2
Nh5 16. Qg4 Ndf6 17. Qf3 Ng3 18. Bxg3 hxg3 19. Qxg3 Qb6 20. Qf2 Nh5 21. Kh2 Rc8
22. e5 Qd8 23. g3 Nxg3 24. Qxg3 dxe5 25. Nxe6 fxe6 26. Bg6+ Kd7 27. Rd1+ Bd5
28. Nxd5 exf4 29. Nxe7+ 1-0

[Event "Essex league"]
[Site "?"]
[Date "1975.12.11"]
[Round "?"]
[White "Watts, R."]
[Black "Stebbings, A."]
[Result "0-1"]
[WhiteElo "1976"]
[BlackElo "2224"]
[PlyCount "61"]
[EventDate "1975.??.??"]

1. g3 d5 2. Bg2 c6 3. Nf3 Bg4 4. h3 Bh5 5. b3 Nd7 6. Bb2 e6 7. d3 Ngf6 8. Nbd2
Bd6 9. e4 e5 10. g4 Bg6 11. Qe2 Qe7 12. Nh4 O-O-O 13. Nxg6 hxg6 14. O-O-O Kb8
15. exd5 Nxd5 16. Bxd5 cxd5 17. f4 Ba3 18. Rde1 Rhe8 19. fxe5 Nxe5 20. Qh2
Bxb2+ 21. Kxb2 Qc7 22. Qf2 Rc8 23. Nb1 f6 24. Re2 g5 25. Rhe1 Rh8 26. Qg2 Qc5
27. Qg3 Qd4+ 28. Kc1 Rxh3 29. Qxh3 Nxd3+ 30. Kd1 Nf2+ 31. Kc1 0-1

[Event "London league"]
[Site "?"]
[Date "1976.01.13"]
[Round "?"]
[White "Malcolm, D."]
[Black "Stebbings, A."]
[Result "1-0"]
[WhiteElo "2088"]
[BlackElo "2224"]
[PlyCount "59"]
[EventDate "1976.??.??"]

1. e4 c5 2. Nc3 Nc6 3. g3 g6 4. Bg2 Bg7 5. d3 Rb8 6. Nge2 b5 7. O-O b4 8. Nd5
e6 9. Ne3 Nge7 10. f4 Nd4 11. g4 d6 12. Ng3 f5 13. gxf5 exf5 14. exf5 Ndxf5 15.
Nexf5 Nxf5 16. Re1+ Kf8 17. Nxf5 Bxf5 18. a3 Bd4+ 19. Kh1 Qh4 20. Rf1 Re8 21.
Qf3 Rg8 22. axb4 cxb4 23. Qd5 Qf6 24. Ra6 Bc5 25. Qxc5 Qh4 26. Qxd6+ Kg7 27.
Rxa7+ Kh6 28. Qc7 Rh8 29. Qg7+ Kh5 30. Bf3+ 1-0

[Event "Essex league"]
[Site "?"]
[Date "1976.01.19"]
[Round "?"]
[White "Stebbings, A."]
[Black "Simms, F."]
[Result "1/2-1/2"]
[WhiteElo "2224"]
[BlackElo "1960"]
[PlyCount "62"]
[EventDate "1976.??.??"]

1. d4 Nf6 2. c4 g6 3. Nc3 Bg7 4. e4 d6 5. Be2 O-O 6. Nf3 e5 7. O-O Nc6 8. d5
Ne7 9. Nd2 Ne8 10. b4 f5 11. c5 f4 12. Bg4 Nf6 13. Bxc8 Rxc8 14. Nc4 g5 15. f3
h5 16. a4 Ng6 17. Ba3 Nh4 18. Qe2 Ne8 19. b5 Rf6 20. cxd6 cxd6 21. Rac1 Bf8 22.
Kh1 Rc7 23. a5 Rg7 24. a6 b6 25. Nd2 g4 26. Rg1 Rfg6 27. Na2 gxf3 28. gxf3 Rg2
29. Rxg2 Rxg2 30. Rg1 Rxg1+ 31. Kxg1 Qc8 1/2-1/2

[Event "County match"]
[Site "?"]
[Date "1976.01.24"]
[Round "?"]
[White "Hyde, K."]
[Black "Stebbings, A."]
[Result "0-1"]
[WhiteElo "2104"]
[BlackElo "2224"]
[PlyCount "44"]
[EventDate "1976.??.??"]

1. e4 c5 2. Nc3 Nc6 3. f4 e6 4. Bb5 Nd4 5. Bc4 Ne7 6. Nf3 d5 7. exd5 exd5 8.
Nxd4 cxd4 9. Bb5+ Nc6 10. Qe2+ Be7 11. Nb1 O-O 12. Bxc6 Bh4+ 13. g3 bxc6 14.
O-O Bf6 15. d3 Bh3 16. Re1 Re8 17. Qf2 Qd7 18. Bd2 Rxe1+ 19. Bxe1 Re8 20. Na3
Bg4 21. Bb4 Re2 22. Qf1 Qe6 0-1

[Event "London league"]
[Site "?"]
[Date "1976.01.26"]
[Round "?"]
[White "Williams, W."]
[Black "Stebbings, A."]
[Result "1/2-1/2"]
[WhiteElo "1960"]
[BlackElo "2224"]
[PlyCount "67"]
[EventDate "1976.??.??"]

1. e4 c5 2. Nf3 e6 3. Nc3 a6 4. d4 cxd4 5. Nxd4 Nc6 6. Bc4 Qc7 7. Bb3 Nf6 8.
Be3 Bb4 9. O-O Ne5 10. Bf4 d6 11. Nde2 b5 12. a4 Rb8 13. axb5 axb5 14. Nxb5 Qc6
15. Na7 Qxe4 16. Nxc8 Rxc8 17. Ba4+ Ke7 18. c3 Bc5 19. Bc2 Qc4 20. Ra4 Qb5 21.
b4 Bb6 22. Qd2 Ne4 23. Qe1 Nd3 24. Bxd3 Qxd3 25. Qd1 Qxd1 26. Rxd1 Nxf2 27.
Rxd6 Nh3+ 28. Kf1 Nxf4 29. Rxb6 Nxe2 30. Ra7+ Kf6 31. Kxe2 Rxc3 32. Rbb7 Rf8
33. Kd2 Rcc8 34. b5 1/2-1/2

[Event "Essex league"]
[Site "?"]
[Date "1976.02.02"]
[Round "?"]
[White "Staunton, H."]
[Black "Stebbings, A."]
[Result "0-1"]
[WhiteElo "1904"]
[BlackElo "2224"]
[PlyCount "104"]
[EventDate "1976.??.??"]

1. e4 c5 2. Nf3 e6 3. Bc4 a6 4. a4 Nc6 5. Nc3 Nf6 6. Qe2 Nd4 7. Nxd4 cxd4 8.
Nd1 d5 9. exd5 Nxd5 10. O-O Be7 11. c3 O-O 12. cxd4 Nb4 13. d3 Bf6 14. Nc3 Bxd4
15. Be3 Nc6 16. Rad1 b6 17. Bxd4 Qxd4 18. Rfe1 Bb7 19. Qe4 Rad8 20. Ne2 Qd7 21.
Qe3 Nd4 22. Nxd4 Qxd4 23. Qxd4 Rxd4 24. Rc1 Rfd8 25. f3 Kf8 26. Rc3 Ke7 27.
Rec1 e5 28. Kf2 R8d6 29. Re1 f6 30. Rec1 Kd8 31. Re1 Ke7 32. g3 Kf8 33. Rec1 g6
34. Re1 h5 35. Rc2 h4 36. g4 Rf4 37. Re3 Kg7 38. Rc3 Kh6 39. Rc2 Rdd4 40. Rce2
Kg5 41. Re1 e4 42. b3 exd3 43. Bxd3 Bxf3 44. Kg1 Rxg4+ 45. Kf2 Bb7 46. Rc1 Rg2+
47. Ke1 Rg1+ 48. Kd2 Rxc1 49. Kxc1 Kf4 50. Re6 Rxd3 51. Rxf6+ Kg5 52. Rxb6 Rd7
0-1

[Event "County match"]
[Site "?"]
[Date "1976.02.21"]
[Round "?"]
[White "Stebbings, A."]
[Black "Law, A."]
[Result "0-1"]
[WhiteElo "2224"]
[BlackElo "2400"]
[PlyCount "80"]
[EventDate "1976.??.??"]

1. e4 c5 2. Ne2 d6 3. Nbc3 Nf6 4. d4 cxd4 5. Nxd4 e6 6. Be3 Be7 7. f4 Nc6 8.
Qf3 e5 9. Nf5 Bxf5 10. exf5 Nd4 11. Bxd4 exd4 12. Nb5 Qa5+ 13. c3 dxc3 14. Qxc3
Qxc3+ 15. Nxc3 O-O-O 16. O-O-O d5 17. Bd3 Bb4 18. a3 Ba5 19. b4 Bb6 20. Rhe1
Rhe8 21. Bb5 Be3+ 22. Kc2 Re7 23. Rd3 d4 24. Nd1 Rc7+ 25. Kb2 Bxf4 26. g3 Bc1+
27. Ka2 Bh6 28. Ba4 b6 29. Kb2 Bc1+ 30. Ka2 Kb7 31. Re2 Bh6 32. Kb2 Rd5 33. Bb3
Rxf5 34. Rxd4 g6 35. Ka2 Bg7 36. Rd8 Rf1 37. Nb2 Rd7 38. Rxd7+ Nxd7 39. Bd5+
Kc7 40. Nc4 b5 0-1

[Event "Essex league"]
[Site "?"]
[Date "1976.02.23"]
[Round "?"]
[White "Langenham, R."]
[Black "Stebbings, A."]
[Result "0-1"]
[WhiteElo "1984"]
[BlackElo "2224"]
[PlyCount "78"]
[EventDate "1976.??.??"]

1. e4 c5 2. Nf3 e6 3. d4 cxd4 4. Nxd4 Nc6 5. Be2 Qc7 6. c3 Nf6 7. Bf3 Ne5 8.
O-O b6 9. Bg5 Bb7 10. Nd2 Nxf3+ 11. Qxf3 Be7 12. Bxf6 Bxf6 13. Qe3 a6 14. Rfe1
d6 15. N2f3 O-O 16. e5 Be7 17. Rad1 Rfe8 18. Ne2 Bxf3 19. exd6 Bxd6 20. Qxf3
Bxh2+ 21. Kh1 Be5 22. Nc1 g6 23. Rd3 Bg7 24. Red1 Rad8 25. Qe2 Bf6 26. Nb3 b5
27. g3 Rxd3 28. Rxd3 Rd8 29. Kg1 Rxd3 30. Qxd3 Qd8 31. Qxd8+ Bxd8 32. Nc5 a5
33. b3 Kf8 34. Kf1 Ke7 35. c4 bxc4 36. bxc4 Bb6 37. Nd3 Kd6 38. f3 e5 39. Ke2
f5 0-1